000
00269nam a22001097a 4500
008
170105b xxu||||| |||| 00| 0 eng d
020
_a
9781572243750
041
_a
eng
080
_2
2ND
_a
618.2
245
_a
THE TRIGGER POINT THERAPY WORKBOOK
_c
DAVIES, C
942
_2
udc
_c
BK
999
_c
2555
_d
2555